Normal view
MARC view
- الاردن - تاريخ - عبدالله بن الحسين الاول 1882 -1951- معاهدات واتفاقيات شرقي الاردن (1931-1938م)
Entry Topical Term
001 - CONTROL NUMBER
- control field: 55920
003 - CONTROL NUMBER IDENTIFIER
- control field: JO-AjAnu
005 - DATE AND TIME OF LATEST TRANSACTION
- control field: 20230606083152.0
008 - FIXED-LENGTH DATA ELEMENTS
- fixed length control field: 230606|| aca||aabn | a|a d
040 ## - CATALOGING SOURCE
- Original cataloging agency: JO-AjAnu
- Transcribing agency: JO-AjAnu
150 ## - HEADING--TOPICAL TERM
- Topical term or geographic name entry element: الاردن - تاريخ - عبدالله بن الحسين الاول 1882 -1951- معاهدات واتفاقيات شرقي الاردن (1931-1938م)
670 ## - SOURCE DATA FOUND
- Source citation: Work cat.: (JO-AjAnu)28540: عبدالله بن الحسين ملك الاردن، 1921-1951؛ إشراف محمد عدنان البخيت؛ جمع وإعداد هند غسان أبو الشعر؛ المتابعة والتنسيق باسل غازي الجغامين, author 55919, الوثائق الهاشمية: أوراق عبدالله بن الحسين: دليل المعاهدات والاتفاقيات الدولية التي صادقت عليها إمارة شرقي الأردن ما بين (1931-1938م)، مج 20